| 000 | 00677nam a2200301Ia 4500 | ||
|---|---|---|---|
| 005 | 20260401122341.0 | ||
| 008 | 008 250103s9999 xx 000 0 eng d | ||
| 020 | _a9788125030430 | ||
| 037 | _aTB | ||
| 040 | _aEDL | ||
| 040 | _beng | ||
| 040 | _cEDL | ||
| 041 | _2eng | ||
| 041 | _aeng | ||
| 084 | _a891.4709 SUH | ||
| 084 | _qEDL | ||
| 100 |
_aSuhrud, Tridip _91233323 |
||
| 245 | 0 | _aWriting Life: Three Gujrati Thinkers | |
| 245 | 0 | _cSuhrud, Tridip | |
| 260 | _aHyderabad | ||
| 260 | _bOrient Blackswan | ||
| 260 | _c2009 | ||
| 300 | _a264p | ||
| 942 | _cTB | ||
| 942 | _h891.4709 SUH | ||
| 999 |
_c1846707 _d1846707 |
||